000 00508nam a2200181Ia 4500
008 100917s9999 xx 000 0 und d
082 _b44549
100 _aपांढरीपांडे विजय
245 _aघे भरारी
260 _bमेनका प्रकाशन
_c1980
300 _a124
365 _b14
520 _aकादंबरी
630 _aघे भरारी
650 _aकादंबरी
730 _aघे भरारी
942 _cBOOK
999 _c649943
_d649940